Normal view
MARC view
Entry Topical Term
001 - CONTROL NUMBER
- control field: 28360
003 - CONTROL NUMBER IDENTIFIER
- control field: dpl
005 - DATE AND TIME OF LATEST TRANSACTION
- control field: 20110601143102.0
008 - FIXED-LENGTH DATA ELEMENTS
- fixed length control field: 110601|||a|||||| | ||| d
040 ## - CATALOGING SOURCE
- Original cataloging agency: dpl
- Transcribing agency: dpl
150 ## - HEADING--TOPICAL TERM
- Topical term or geographic name as entry element: Antennas (Electronics)
670 ## - SOURCE DATA FOUND
- Source citation: Work cat.: (dpl): Yadava, R. L. 28359, Antenna and wave propagation /, 2011
670 ## - SOURCE DATA FOUND
- Source citation: Work cat.: (dpl): Yadava, R. L. 28359, Antenna and wave propagation /, 2011
